| 000 | 00808nam a2200325Ia 4500 | ||
|---|---|---|---|
| 001 | 411 | ||
| 008 | 191123s9999 xx 000 0 und d | ||
| 041 | _afre | ||
| 044 | _afr | ||
| 100 | _aMauclaire, Camille, | ||
| 245 | 0 |
_aL'impressionnisme : _bson histoire, son esthétique, ses maitres. |
|
| 250 | _a2a ed. | ||
| 260 |
_aParis : _bLibrairie de l'art ancien et moderne, _c1904. |
||
| 300 |
_a238 p. _bilus. b/n |
||
| 650 | _aDEGAS, EDGAR | ||
| 650 | _aIMPRESIONISMO | ||
| 650 | _aMANET, EDOUARD | ||
| 650 | _aMONET, CLAUDE | ||
| 650 | _aPISSARRO, CAMILLE | ||
| 650 | _aRENOIR, PIERRE AUGUSTE, | ||
| 902 | _aM | ||
| 903 | _am | ||
| 904 | _am | ||
| 907 | _aImpreso | ||
| 911 | _ailus. b/n | ||
| 912 | _a1904 | ||
| 942 | _cCOLECCION | ||
| 999 |
_c262 _d262 |
||
| 550 | _ailus. b/n | ||